Les albums de Michel Vaillant - Statistiques

Statistiques générales
  • Ce quiz a été pris 47 fois
  • Le résultat moyen est 62 sur 91
Statistiques - réponses
Rang Indice Titre % Correct
1ère série 6 Couteau dans le dos La {trahison} de Steve Warson
100%
1ère série 5 Commencement Le 13 est au {départ}
100%
1ère série 3 Parcours en boucle Le {circuit} de la peur
100%
1ère série 2 Figure Le pilote sans {visage}
100%
1ère série 9 Come back Le {retour} de Steve Warson
100%
1ère série 10 Porteur de katana L'honneur du {Samouraï}
100%
1ère série 4 Suite de jour Route de {nuit}
100%
1ère série 11 Tient en haleine {Suspense} à Indianapolis
100%
1ère série 19 Cavalcade 5 filles dans la {course} !
95%
1ère série 18 Moitié de vinaigrette De l'{huile} sur la piste
95%
1ère série 25 Elles étaient 4 chez March Des {filles} et des moteurs
95%
1ère série 16 1000 mètres {Km} 357
95%
1ère série 17 Spectre Le {fantôme} des 24 heures
95%
1ère série 8 Il peut voler Le huitième {pilote}
95%
1ère série 12 Adoubés Les {chevaliers} de Königsfeld
95%
1ère série 14 Indice de vitesse {Mach} 1 pour Steve Warson
95%
1ère série 21 Moulin Massacre pour un {moteur}
95%
1ère série 29 Cirque latin San Francisco {Circus}
95%
1ère série 24 Mauvais rêve {Cauchemar}
89%
1ère série 26 Cador {Champion} du monde
89%
1ère série 32 Souverains La révolte des {rois}
89%
1ère série 15 Itinérant du spectacle Le {cirque} infernal
89%
1ère série 1 Acte de fanfaron Le grand {défi}
89%
1ère série 30 Il peut être charmant Le {prince} blanc
89%
1ère série 41 Port sénégalais Paris-{Dakar}
89%
1ère série 20 Jeu texan {Rodéo} sur deux roues
89%
1ère série 23 La truffe peut l'être Série {noire}
89%
1ère série 36 Volatilisé Un pilote a {disparu}
89%
1ère série 66 Sigle d'une coupure américaine 100.000.000 {$} pour Steve Warson
84%
1ère série 42 Passe en tournant 300 à l'{heure} dans Paris
84%
1ère série 13 Pièce musicale {Concerto} pour pilotes
84%
1ère série 31 Chiens sauvages Les jeunes {loups}
84%
1ère série 27 Expédition africaine Dans l'enfer du {safari}
79%
1ère série 50 Fortifications Le défi des {remparts}
79%
1ère série 47 Rocher en vue Panique à {Monaco}
79%
1ère série 40 Bagarre dans le Milieu {Rififi} en F1
79%
1ère série 44 Patronne de la Corse Steve & {Julie}
79%
1ère série 38 Très proche ou très éloigné Steve Warson {contre} Michel Vaillant
79%
2ème série 8 Ils font la semaine 13 {jours}
74%
1ère série 68 Objectif d'Armstrong et de Tintin China {Moon}
74%
1ère série 69 Séjour des damnés Hors-piste en {enfer}
74%
1ère série 48 Café anglais Irish {coffee}
74%
1ère série 57 Pierre verte La piste de {jade}
74%
1ère série 59 Captive La {prisonnière}
74%
1ère série 56 Univers Le maître du {monde}
74%
1ère série 28 Caché Le {secret} de Steve Warson
74%
1ère série 37 Coeur de cible L'inconnu des {1000} pistes
74%
1ère série 64 Avion de chasse Opération {mirage}
74%
1ère série 22 Effort final {Rush}
74%
1ère série 34 Bien sonné {K.O.} pour Steve Warson
68%
1ère série 45 Capitale sur le Tage L'homme de {Lisbonne}
68%
2ème série 10 Somment des Rocheuses Pikes {Peak}
68%
1ère série 70 Emprise 24 heures sous {influence}
63%
Histoires courtes 1 Récits La 24e heure et autres {histoires} courtes
63%
1ère série 53 Commune à menhirs La nuit de {Carnac}
63%
1ère série 51 Chef arabe Le {caïd} de Francorchamps
63%
1ère série 39 Fume sans tabac Rallye sur un {volcan}
63%
Histoires courtes 4 Première {A} toi Steve ! et autres histoires courtes
58%
2ème série 1 Désir suprême des rois Au nom du {fils}
58%
1ère série 43 Rencontre arrangée {Rendez-vous} à Macao
58%
1ère série 61 Gare ou ministère La fièvre de {Bercy}
58%
1ère série 33 Peut n'être qu'une ombre La {silhouette} en colère
58%
1ère série 35 Forçat Le {galérien}
58%
2ème série 3 Idylle {Liaison} dangereuse
58%
1ère série 60 Sorties de la tête Victoires {oubliées}
58%
1ère série 7 Fonceurs Les {casses-cou}
53%
1ère série 67 Père de Salomon Pour {David}
53%
2ème série 5 Epoque de François 1er {Renaissance}
53%
1ère série 49 Groupe {Catégorie} poids lourds
47%
2ème série 9 Combats singuliers {Duels}
47%
1ère série 54 Comme Etorre L'affaire {Bugatti}
47%
1ère série 62 Mécène Le {sponsor}
47%
2ème série 7 Enfer du jeu {Macao}
47%
1ère série 46 Numéro d'artiste Racing {show}
47%
1ère série 55 Pièces fendues Une histoire de {fous}
47%
1ère série 63 Le Caire pour un Romain {Cairo} !
42%
Histoires courtes 2 Septentrion Le démon du {Nord} et autres histoires courtes
42%
Histoires courtes 5 Partie de lacet {Virage} à gauche et autres histoires courtes
42%
2ème série 6 Révolte {Rébellion}
37%
1ère série 65 Compétition L'{épreuve}
32%
1ère série 52 6e de l'alphabet F{3000}
26%
2ème série 12 Objectif La {Cible}
26%
Histoires courtes 3 Pensum de l'écolier La {leçon} et autres histoires courtes
26%
Histoires courtes 9 Modèle de Ford Une {Escort} pour Michel Vaillant et autres histoires courtes
26%
2ème série 2 Tension {Voltage}
26%
2ème série 4 Affaiblissement {Collapsus}
21%
Histoires courtes 7 Regimbe Ago {se} {rebiffe} ! et autres histoires courtes
16%
2ème série 11 Raid automobile {Cannonball}
16%
Histoires courtes 6 On s'y appuie {Dossier} V2001 et autres histoires courtes
16%
1ère série 58 Lit de l'argot {Paddock}
16%
Histoires courtes 8 Bien sûr d'autrefois Tiens {pardi} ! et autres histoires courtes
16%
Aucun quiz correspondant
Distribution des résultats
% des personnes avec chaque résultat
Percentile par nombre de réponses
Votre historique - résultats
Vous n’avez pas pris ce quiz